Responses for Show #187 - Tuesday, May 28, 1985

Nathan Walpow game 3.

Contestants

[<< previous game]

Belinda Tepper, a systems analyst originally from St. Louis, Missouri

Daryl Anderson, an entertainer from Houston, Texas

Nathan Walpow, a data processor originally from Queens, New York (whose 2-day cash winnings total $14,900)

[next game >>]

Jeopardy! Round responses

ODD JOBS
MUSIC
4-LETTER WORDS
SIDEKICKS
SCIENCE
"BROWNS"
    $100 4
Queen of Roses

Nathan
    $100 5
the bagpipes

Nathan
    $100 6
play

Daryl
    $100 1
Chester

Belinda
    $100 3
hydrogen

Nathan
    $100 2
"Sweet Georgia Brown"

Nathan
    $200 9
(Daryl: What is a gopher?)
(Nathan: What is a copy boy?)

a cub reporter

NathanDaryl
Triple Stumper
    $200 14
Lawrence Welk

Daryl
    $200 17
(Daryl: What is home?)

face

NathanDaryl
    $200 10
Watson

Nathan
    $200 19
the tides

Nathan
    $200 7
brown-bagging it

Belinda
    $300 22
Tinker

Nathan
    $300 15
(Daryl: What is the tango?)

a polka

Daryl
Triple Stumper
    $500 18
(Alex: The theme from the film Mondo County.)

"More"

Nathan
    $300 11
Valerie Harper

Daryl
    $300 20
Mars

Daryl
    $300 8
the Brown Derby

Nathan
    $400 23
chaff & wheat (grain)

Belinda
    $400 21
(Nathan: What is John Philip Sousa?)

Irving Berlin

Nathan
Triple Stumper
    $400 25
(Alex: You got a double-pointed clue going your way there. [*]. What is [*]? Reynolds' wrap, [*], to thwart, to [*]. We're getting a little too cutesy, I suspect. Belinda, we've got less than a minute to go in the round, and it's your turn to make a selection.)

foil

Triple Stumper
    $400 13
(Daryl: Uh-oh. I think we pressed too early.)

(George) "Gabby" Hayes

NathanDaryl
    $400 26
(Belinda: What is hybridization?)

grafting

NathanBelinda
    $400 12
Paul Brown

Daryl
    $500 24
(Belinda: What are shellers?)

shuckers

Belinda
Triple Stumper
    $500 29
[The end-of-round signal sounds.]

July

Belinda
    $500 28
(Nathan: What is Punjab?)

Lothar

Nathan
Triple Stumper
    $500 27
(Belinda: What is winology?)

metallurgy

NathanBelinda
    $500 16
(Belinda: What was the Brown rifle?)

the Brown Bess

Belinda
Triple Stumper

Scores at the first commercial break (after clue 15):

Nathan Daryl Belinda
$1,100 $100 $300

Scores at the end of the Jeopardy! Round:

Nathan Daryl Belinda
$2,300 $200 -$700

Double Jeopardy! Round responses

WORLD WAR I
MAMMALS
INCREDIBLE EDIBLES
MOUNTAINS
JOURNALISM
SUDDEN DEATH
    $200 2
Woodrow Wilson

Daryl
    $200 1
a killer whale

Nathan
    $200 5
(Nathan: What is a Pomeranian?)
(Belinda: What is a pug?)

the chow-chow

NathanBelinda
Triple Stumper
    $200 4
(Daryl: What is the Matterhorn?)

Mont Blanc

DarylBelinda
    $200 3
The National Enquirer

Nathan
    $200 6
a dead heat

Belinda
    $400 11
the Treaty of Versailles

Nathan
    $400 12
the mountain lion

Belinda
    $400 13
(Belinda: What is a garlic?)

a worm

NathanBelinda
    $400 8
(Belinda: What is Italy?)
(Nathan: What is France?)

Switzerland

NathanDarylBelinda
    $400 10
the New York Daily News

Nathan
    $400 7
the graveyard shift

Nathan
    $600 15
Herbert Hoover

Belinda
    $600 14
(Belinda: What is a dromedary?)

a Bactrian camel

NathanBelinda
    $600 16
Japan

Nathan
    $600 17
Australia

Nathan
    $600 22
the Herald Tribune

Nathan
    $600 9
(Belinda: What is an elephant?)

gorilla

Belinda
Triple Stumper
    $2,000 20
the Central Powers

Nathan
    $800 19
(Belinda: [No response])

aardvark

NathanBelinda
    $800 21
(Nathan: What is the rumen?)
...
(Alex: Less than a minute to go in the round.)

tripe

Nathan
Triple Stumper
    $800 18
(Nathan: What is [*] & Tibet, which is part of [**]?)

Nepal & China

Nathan
    $800 25
Pierre Salinger

Nathan
    $800 23
(Nathan: What is murder?)

dueling

NathanBelinda
    $1000 27
[The end-of-round signal sounds.]

Holland

Triple Stumper
    $1000 26
(Belinda: What is a gibbon?)

a lemur

NathanBelinda
    $1,000 24
live free or die

Belinda

Scores at the end of the Double Jeopardy! Round:

Nathan Daryl Belinda
$9,900 $600 -$1,500
(lock game)

[wagering suggestions for these scores]

Final Jeopardy! Round responses

HISTORY
DarylWhat is London?
$592
NathanWhat is London?
$1,500
London

Final scores:

Nathan Daryl Belinda
$11,400 $1,192 -$1,500
3-day champion: $26,300 2nd place: Broyhill convertible sofa + Benchmark carpeting 3rd place: Smith-Corona portable electronic typewriter

Game dynamics:

Coryat scores:

Nathan Daryl Belinda
$8,500 $600 -$1,500
28 R
(including 2 DDs),
7 W
7 R,
5 W
10 R
(including 1 DD),
11 W

Combined Coryat: $7,600

[game clues] [game scores] [suggest correction]

Game tape date: 1985-01-24
The J! Archive is created by fans, for fans. Scraping, republication, monetization, and malicious use prohibited; this site may use cookies and collect identifying information. See terms. The Jeopardy! game show and all elements thereof, including but not limited to copyright and trademark thereto, are the property of Jeopardy Productions, Inc. and are protected under law. This website is not affiliated with, sponsored by, or operated by Jeopardy Productions, Inc. Join the discussion at JBoard.tv.